| 000 | 02139nam0a2200421 4500 | ||
|---|---|---|---|
| 001 | RU\NLR\BIBL_A\011474363 | ||
| 005 | 20260408202518.0 | ||
| 010 | _a9785716407213 | ||
| 021 |
_aRU _b2017-61251 _94341 |
||
| 035 | _a(RuMoRGB)008999759 | ||
| 035 | _a(NLR Aleph) 011474363 | ||
| 090 |
_a11870788 _c11870788 |
||
| 100 | _a20170918d2017 u y0rusy50 ca | ||
| 101 | 0 | _arus | |
| 102 | _aRU | ||
| 105 | _aabc z 000zy | ||
| 200 | 1 |
_aЯнтарная книга _e70 лет янтарному комбинату _e[монография _fЗацепин М. И., Ермак А. В., Костяшова В. И. и др. _gредколлегия: Василевский Евгений Михайлович и др.] |
|
| 210 |
_aМосква [и др.] _cМосковская первая типография _d2017 |
||
| 215 |
_a199, [8] с. _cил., цв. ил., портр., карты _d30 |
||
| 300 | _aЗагл. обл.: Янтарный комбинат | ||
| 300 | _aВ макете загл.: Янтарный мир. 70 лет Калининградскому янтарному комбинату | ||
| 300 | _aАвт. указаны на 2-й с. | ||
| 320 | _aБиблиогр. в конце кн. | ||
| 512 | 1 | _aЯнтарный комбинат | |
| 517 | 1 | _aЯнтарный мир. 70 лет Калининградскому янтарному комбинату | |
| 601 | 0 | 2 |
_aКалининградский янтарный комбинат _3RU\NLR\AUTH\661504056 _92540460 |
| 686 | 1 | _aУ30(2)545.110.92(2Р-4К) | |
| 686 | 1 | _aУ30(2)705.610.92(2Р-4К) | |
| 701 | 1 |
_aЗацепин _bМ. И. _f1960- _gМихаил Иванович |
|
| 701 | 1 |
_aЕрмак _bА. В. _f1978- _gАндрей Викторович |
|
| 701 | 1 |
_aКостяшова _bЗ. В. _gЗоя Васильевна |
|
| 702 | 1 |
_aВасилевский _bЕ. М. _gЕвгений Михайлович _4340 |
|
| 711 | 0 | 2 |
_aКалининградский янтарный комбинат _3RU\NLR\AUTH\8810128482 _9753990 |
| 942 | _cBOOK | ||
| 980 | _aNBR | ||